000 00666nam a22002177a 4500
005 20170124110144.0
010 _aA-937919
020 _c00.00
_a812241012X
035 _aA-937919
037 _bCen Lib/Ret
040 _aDPL
_bEN
082 _a690
_bPAN
100 _aPanchdhari, A. C.
_9113750
245 _aMaintenance of building /
_cby A. C. Panchdhari
260 _bNew Age International
_aNew Delhi
_c1997
270 _bNew Delhi
_a4835/24, Ansari Road, Darya Ganj
_e110002
300 _avii,224p.
_c23cm(Hb)
650 _aCivil engineering
_9113751
650 _aWater supply and sanitary system
_9113752
942 _2ddc
_cEN
_h690
_mPAN
999 _c131887
_d131887